000 00651nam a2200265Ia 4500
005 20260121161421.0
008 008 260114s9999 xx 000 0 eng d
020 _a9781315542072
037 _aEBOOK
040 _aCRL
040 _beng
040 _cCRL
041 _2eng
041 _aeng
084 _qCRL
100 _aCompanion Encyclopedia of Psychology
_91044456
245 0 _aAndrew M. Colman
260 _bTaylor and Francis
260 _c1994
650 _aPsychological Science
_91044457
856 _uhttp://www.taylorfrancis.com/books/9781315542072
942 _cEBOOK
999 _c1610635
_d1610635